Normal view
MARC view
- Jeffrey H. Hacker, Bernard S. Cayne
Entry Personal Name
001 - CONTROL NUMBER
- control field: 134328
003 - CONTROL NUMBER IDENTIFIER
- control field: NUST
005 - DATE AND TIME OF LATEST TRANSACTION
- control field: 20260506101311.0
008 - FIXED-LENGTH DATA ELEMENTS
- fixed length control field: 260506|| aca||aabn | a|a d
040 ## - CATALOGING SOURCE
- Original cataloging agency: NUST
- Transcribing agency: NUST
100 ## - HEADING--PERSONAL NAME
- Personal name: Jeffrey H. Hacker, Bernard S. Cayne
670 ## - SOURCE DATA FOUND
- Source citation: Work cat.: (NUST): Jeffrey H. Hacker, Bernard S. Cayne., Encyclopedia Yearbook, 1988 /, 1988.
